| 000 | 01863nam a22002177a 4500 | ||
|---|---|---|---|
| 999 |
_c62334 _d62334 |
||
| 003 | Ge_BSU | ||
| 005 | 20241007162606.0 | ||
| 008 | 241007s2020 ge ||||| |||| 00| 0 geo d | ||
| 020 | _a9789941267079 | ||
| 041 | _ageo | ||
| 080 | _a327(479.22)"07" : 94(479.22)"07" თ-15 | ||
| 100 |
_aთავაძე, ლერი _923332 |
||
| 245 |
_aსაქართველო VIII საუკუნეში : _bპოლიტიკური ისტორია = Georgia In The Eighth Century: A political history / _cლერი თავაძე; ყდის დიზაინერი ირაკლი უშვერიძე; ივანე ჯავახიშვილის სახელობის თბილისის სახელმწიფო უნივერსიტეტი, ჰუმანიტარულ მეცნიერებათა ფაკულტეტი, საქართველოს ისტორიის ინსტიტუტი. |
||
| 264 |
_aთბილისი : _bუნივერსალი, _c2020. |
||
| 300 |
_a300 გვ.; _b1 ფ. დაკ, რუკა : ილ. ; _c25 სმ. |
||
| 653 | _aსაქართველოს საგარეო პოლიტიკა | ||
| 653 | _aსაქართველოს ისტორია | ||
| 700 |
_aუშვერიძე, ირაკლი _e ყდის დიზაინერი. _919891 |
||
| 710 |
_aივანე ჯავახიშვილის სახელობის თბილისის სახელმწიფო უნივერსიტეტი. ჰუმანიტარულ მეცნიერებათა ფაკულტეტი. საქართველოს ისტორიის ინსტიტუტი. _923331 |
||
| 942 |
_2udc _cᲬᲘᲒᲜᲘ |
||